000
00328cam a2200133ua 4500
041
_a
eng
_h
100
_a
Gill, P.s .
245
_a
Sugarance Management in India /
_c
P.S.Gill.
_h
Textual Documents
260
_a
New Delhi :
_b
Director Exetension ,
_c
1987.
300
_a
; .
504
_a
942
_c
BK
999
_c
12931
_d
12931